000
00328nam a2200133Ia 4500
008
220204s9999 xx 000 0 und d
082
_a
159.953
_b
HIL
100
_a
Bower, Gordon H
245
0
_a
Theories of learning
250
_a
Ed.4
260
_a
New Delhi
_b
Prentice Hall
_c
1977
700
_a
Hilgard, Ernest R
942
_c
BK
999
_c
26335
_d
26335